Luke Littlers Weg zum Darts WM Titel 2025 - Statistiken

Allgemein
  • Dieses Quiz wurde 237 mal gespielt
  • Das Durchschnittsergebnis liegt bei 4 aus 6
Antwortstatistiken
Runde Nationalität Ergebnis Spieler % Korrekt
Finale Niederlande 7:3 Michael van Gerwen
100%
Halbfinale England 6:1 Stephen Bunting
90%
Viertelfinale England 5:2 Nathan Aspinall
72%
2. Runde England 3:1 Ryan Meikle
60%
Achtelfinale England 4:3 Ryan Joyce
56%
3. Runde England 4:1 Ian White
44%
Keine übereinstimmenden Quizze gefunden
Verteilung der Resultate
Anzahl Personen mit jedem Resultat
Perzentil nach korrekt beantworteten Fragen
Ihre Resultats-Entwicklung
Sie haben dieses Quiz noch nicht gespielt